ARRUPE JESUIT UNIVERSITY

CORONAVIRUS -STOP THE SPREAD - CLEAN,DISINFECT,COVER

Ggulama w'oluganda omusengejje / (Record no. 131259)

MARC details
000 -LEADER
fixed length control field 00821cam a2200253 i 4500
001 - CONTROL NUMBER
control field 18980680
003 - CONTROL NUMBER IDENTIFIER
control field ARRUPE
005 - DATE AND TIME OF LATEST TRANSACTION
control field 20220406094807.0
008 - FIXED-LENGTH DATA ELEMENTS--GENERAL INFORMATION
fixed length control field 160219s2015 ug 000 0 lug
010 ## - LIBRARY OF CONGRESS CONTROL NUMBER
LC control number 2015333151
020 ## - INTERNATIONAL STANDARD BOOK NUMBER
International Standard Book Number 9789970405039
040 ## - CATALOGING SOURCE
Original cataloging agency DLC
Language of cataloging eng
Transcribing agency DLC
Description conventions rda
042 ## - AUTHENTICATION CODE
Authentication code lcode
-- pcc
050 00 - LIBRARY OF CONGRESS CALL NUMBER
Classification number PL8201.1
Item number .K93 2015
300 ## - PHYSICAL DESCRIPTION
Dimensions 26 cm
100 1# - MAIN ENTRY--PERSONAL NAME
Personal name Kyagaba, Dan.
9 (RLIN) 51227
245 10 - TITLE STATEMENT
Title Ggulama w'oluganda omusengejje /
Statement of responsibility, etc Dan Kyagaba, B.A. (Hons); DIP. EDUC M.ED. (Makerere University, Kampala, Uganda).
260 ## - PUBLICATION, DISTRIBUTION, ETC. (IMPRINT)
Place of publication, distribution, etc Kampala
Name of publisher, distributor, etc M.K. Publishers (U) Ltd.
Date of publication, distribution, etc 1996
300 ## - PHYSICAL DESCRIPTION
Extent xiii, 193 pages ;
546 ## - LANGUAGE NOTE
Language note In Ganda.
650 #0 - SUBJECT ADDED ENTRY--TOPICAL TERM
Topical term or geographic name as entry element Ganda language
General subdivision Grammar.
9 (RLIN) 20780
906 ## - LOCAL DATA ELEMENT F, LDF (RLIN)
a 7
b cbc
c origode
d 3
e ncip
f 20
g y-gencatlg
942 ## - ADDED ENTRY ELEMENTS (KOHA)
Source of classification or shelving scheme Library of Congress Classification
Koha item type Monograph ( Printed materials)
Holdings
Withdrawn status Lost status Source of classification or shelving scheme Damaged status Not for loan Collection code Home library Current library Shelving location Date acquired Total Checkouts Full call number Barcode Date last seen Price effective from Koha item type
    Library of Congress Classification     Main Collection ARRUPE LIBRARY ARRUPE LIBRARY Main Collection 06/04/2022   PL8201.1 .K93 2015 46600009282 06/04/2022 06/04/2022 Monograph ( Printed materials)

 

Arrupe Library. PO Box MP320 Mt Pleasant, Harare, Zimbabwe
263 242 745411|librarian@aju.ac.zw